000 00846nam a22002297a 4500
999 _c61817
_d61817
005 20240520095711.0
008 240520s2008 enk||||| |||| 00| 0 eng d
020 _a9781416029113x
041 _aeng
080 _a616.43 W-69
245 _aWilliams Textbook of Endocrinology /
_c Henry M. Kronenberg, Shlomo Melmed, Kenneth S. Polonsky, P. Reed Larsen.
250 _a11th Edition
264 _aPholadelphia:
_bSaunders,
_c2008.
300 _a1909 p.:
_bill.;
_c29 cm.
653 _aენდოკრინოლოგია
653 _aმედიცინა
700 _aKronenberg, Henry M.
_eავტორი
_922119
700 _aMelmed, Shlomo
_eავტორი
_98555
700 _aPolonsky, Kenneth S.
_eავტორი
_922120
700 _aLarsen, P. Reed
_eავტორი
_922121
942 _2udc
_cᲬᲘᲒᲜᲘ